Strukturní geologie /

Hlavní autor: Vachtl, Josef, 1907-1984
Další autoři: Jaroš, Josef, 1931-
Jazyk: Čeština
Vydáno: Praha : SPN, 1968
Vydání: 1. vyd.
Edice: Učební texty vysokých škol
Témata:
Fyzický popis: 247 s.
Knihy
Uloženo v:
LEADER 00762nam a22002292a 4500
001 000071141
003 CZ BrMZK
005 19950407143423.0
008 950407s1968 xr f cze d
040 |a BOA001  |b cze 
100 1 |a Vachtl, Josef,  |d 1907-1984  |7 jk01141143 
245 1 0 |a Strukturní geologie /  |c Josef Vachtl, Josef Jaroš 
250 |a 1. vyd. 
260 |a Praha :  |b SPN,  |c 1968 
300 |a 247 s. 
490 1 |a Učební texty vysokých škol 
700 1 |a Jaroš, Josef,  |d 1931-  |7 jk01051255 
830 0 |a Učební texty vysokých škol 
910 |a BOA001  |b PK-N-0010.684 
964 |a Geologie strukturní - učebnice - školy vysoké 
990 |a BK 
996 7 |b 3119963739  |c PK-N-0010.684  |l MZK  |r Sklad / do 1 hodiny  |n 13  |w 000071141  |u 000010  |a 1  |e BOA001  |j MZK50  |s A